[Event "Kottnauer Memorial"]
[Site "Prague"]
[Date "1996.??.??"]
[Round "8"]
[White "Hort, Vlastimil"]
[Black "Blatny, Pavel"]
[Result "1/2-1/2"]
[WhiteElo "2550"]
[BlackElo "2515"]
[Annotator "Blatny,P"]
[PlyCount "43"]
[EventDate "1996.06.??"]
[EventType "tourn"]
[EventRounds "10"]
[EventCountry "CSR"]
[EventCategory "12"]
[SourceTitle "CBM 054"]
[Source "ChessBase"]
[SourceDate "1996.10.01"]
[SourceVersion "1"]
[SourceVersionDate "1996.10.01"]
[SourceQuality "1"]

1. d4 d5 2. c4 e6 3. Nc3 Bb4 4. e3 Nf6 5. Bd3 Nc6 6. Nf3 dxc4 7. Bxc4 O-O 8.
O-O Bd6 9. h3 (9. Bb5 e5 $1 10. Bxc6 exd4 11. Nxd4 (11. Bxb7 Bxb7 12. Nxd4 Qe8
$44) 11... bxc6 12. Nxc6 Qe8 13. Nd4 Bb7 $44) 9... a6 10. a3 e5 11. Qc2 (11. d5
Ne7 12. e4 Ng6 13. Re1 Bd7 14. b4 Qe7 15. Qb3 Kh8 16. Bf1 h6 17. Bd2 Nh7 18.
Ne2 Ng5 19. Nxg5 hxg5 20. Qf3 Kg8 21. Ng3 Nh4 22. Qe3 f6 $15 {Zsinka,L-Farago,
I/HUN-chT 9394 ;TD 94\03 1994}) 11... h6 12. b4 (12. Ba2 Re8 13. Rd1 Bd7 14.
dxe5 Nxe5 15. Nd4 Qc8 16. Nd5 Nxd5 17. Bxd5 c5 $36 {Pavlovic,M-Mitkov,N/
Vrnjacka Banja (15) ;CBM 23 1991}) 12... exd4 (12... Bd7 $5 13. Bb2 exd4 14.
exd4 Qc8 15. Ne4 Nxe4 16. Qxe4 Bf5 $15 {Medina,M-Mitkov,N/Capablanca mem-B (08)
;EXP 47 1995}) 13. exd4 b5 (13... Ne7 14. Re1 Bf5 $6 15. Qa2 {/\Ne5+/=}) 14.
Bb3 Ne7 $1 {><d5, /^h7-b1,a8-h1} 15. Ne5 (15. Re1 Bb7 16. Ne5 Ned5 $10) 15...
Bb7 16. Qa2 Qe8 $8 17. Re1 (17. Bf4 a5 $5 (17... Bxe5 18. Bxe5 Qc6 19. d5 $8
Nexd5 20. Nxd5 Nxd5 21. Bxd5 Qxd5 22. Qxd5 Bxd5 23. Bxc7 $10) 18. Nxf7 Rxf7 19.
Bxf7+ (19. Bxd6 cxd6 20. Nxb5 Qxb5 21. Bxf7+ Kf8 $13 22. bxa5 $140 $6 Qc6 $1
23. d5 $8 (23. f3 $2 d5 $19) 23... Nexd5 24. Bg6 Rxa5 $17 {_|_}) 19... Qxf7 20.
Qxf7+ Kxf7 21. Bxd6 cxd6 22. Nxb5 Ne8 23. bxa5 Rxa5 $13) 17... a5 $1 18. Bf4 (
18. bxa5 Rxa5 {/\b4|^}) 18... Bxe5 (18... axb4 $2 19. Nxf7 Rxf7 20. Bxd6 cxd6
21. Bxf7+ Qxf7 22. Rxe7 Qxa2 23. Nxa2 (23. Rxa2 Nd5 $1 24. Rxb7 Nxc3 25. Rc2
bxa3 26. Rxc3 a2 27. Rc1 a1=Q 28. Rxa1 Rxa1+ 29. Kh2 Rd1 $10) 23... Rxa3 24.
Rxb7 b3 25. Rxb5 (25. Re7 Nd5 $1) 25... Ne4 26. f3 $1 Nd2 (26... Rxa2 27. Rxa2
bxa2 28. Ra5 Nc3 29. Kf2 Kf7 30. Ke1 Nb5 31. Rxa2 Nxd4 32. Rd2 Nf5 33. g4 Nh4
34. Kf2 $18 {_|_}) 27. d5 $1 Nc4 28. Rc1 $1 bxa2 29. Ra1 Ra4 30. Rb3 Kf7 31.
Rc3 Kf6 32. Rc2 Ke5 33. Raxa2 Rxa2 34. Rxa2 Kxd5 35. Ra7 g5 36. Rh7 $18) 19.
Bxe5 (19. Rxe5 $2 Qc6 20. d5 Qxc3 (20... Qd7) 21. Rxe7 a4 $1 (21... Bxd5 22.
Bxd5 Nxd5 23. Bd2 $1 Qf6 24. Ree1 Nb6 (24... axb4 25. Qxd5 Rad8 26. Qc5 $1 (26.
Qa2 b3 $17) 26... Rxd2 27. axb4 $17) 25. bxa5 Nc4 $15) 22. Bc2 Nxd5 $19) 19...
Qc6 20. d5 $8 Nexd5 21. Nxd5 Nxd5 22. Bxd5 (22. Bxd5 Qxd5 23. Qxd5 Bxd5 24.
Bxc7 $10) 1/2-1/2

[Event "London Classic 7th"]
[Site "London"]
[Date "2015.12.05"]
[Round "2"]
[White "Aronian, Levon"]
[Black "Anand, Viswanathan"]
[Result "1/2-1/2"]
[WhiteElo "2781"]
[BlackElo "2803"]
[Annotator "CB"]
[PlyCount "67"]
[EventDate "2015.12.04"]
[EventType "tourn"]
[EventRounds "9"]
[EventCountry "ENG"]
[EventCategory "22"]
[SourceTitle "CBM 170"]
[Source "ChessBase"]
[SourceDate "2016.01.15"]
[SourceVersion "1"]
[SourceVersionDate "2016.01.15"]
[SourceQuality "1"]
[TimeControl "7200+1410"]
[WhiteClock "0:40:01"]
[BlackClock "0:31:37"]

1. d4 Nf6 2. c4 e6 3. Nf3 d5 4. Nc3 Bb4 5. Bd2 $5 O-O 6. e3 c5 7. a3 Bxc3 8.
Bxc3 Ne4 9. Qc2 (9. Bd3 {verliert ein Tempo} Nxc3 10. bxc3 dxc4 11. Bxc4 Nd7) (
9. Rc1 Nxc3 10. Rxc3 cxd4 11. exd4 Nc6 12. Be2 dxc4 13. Bxc4 $11 Qf6 14. O-O
Rd8 15. Rd3 Bd7 16. Re1 Be8 17. Qd2 Ne7 18. Ng5 Nd5 19. Rf3 Qe7 20. Rg3 h6 21.
Nf3 Qf6 22. Re4 Ne7 23. Ne5 Nf5 24. Rd3 Rac8 25. h3 Nd6 26. Rf4 Nxc4 27. Nxc4
Qg5 28. Rg3 Qd5 29. Ne3 Qc6 30. Kh2 Qc1 31. Qb4 Qc7 32. d5 a5 33. Qe4 Rd6 34.
Qe5 g6 35. Qh5 Rxd5 36. Nxd5 exd5 37. Qxh6 Qe5 38. Rh4 Qg7 39. Qxg7+ {1-0 (39)
Alekhine,A-Kmoch,H San Remo 1930}) 9... Nxc3 10. bxc3 Nd7 (10... dxc4 11. Bxc4
Nd7 {wäre ebenso möglich gewesen. Kommt Schwarz vernünftig zu b6 und Lb7
sollte die Position vollkommen in Ordnung sein.} 12. O-O b6 13. d5 exd5 14.
Bxd5 Rb8 $11) 11. Bd3 h6 {wurde von Anand im post-mortem kritisiert. In der
entstehenden Struktur ist die Felderschwäche auf g6 ein mögliches Thema, zudem
ist die erwünschte Aktivierung Lg4-Lh5-Lg6 nicht mehr möglich.} 12. cxd5 exd5
13. Qb2 Qe7 14. O-O Nf6 15. Rfb1 {die Stellung ist objektiv wohl ausgeglichen,
jedoch für Weiß leichter zu spielen. Schwarz plant, den schwachen Lc8
abzutauschen, während Weiß zuerst den Damenflügel mit a4,a5 einschnürt, um
danach entweder dort den Druck zu erhöhen versucht oder in einem geeigneten
Moment das Zentrum öffnet.} c4 {Schwarz möchte unter keinen Umständen auf d4
tauschen, nimmt so jedoch ein weißes c4 für immer aus der Stellung.} 16. Bc2
Ne4 17. a4 Re8 18. a5 Nd6 {Der Springer übernimmt effizient die Deckung des b7
} 19. Qb4 Be6 {Diagramm [#]} 20. Re1 $2 {Aronian übersieht vermutlich eine
Taktik in der Variante 22.Db5} ({zum Beispiel} 20. Ne5 $14 {und Weiß kann
weiter Druck aufbauen. Langfristig reicht es freilich nicht, einzig in der
b-Linie anzugreifen, Weiß muss über kurz oder mit f3-e4 oder f3-g4-h4 eine
zweite Front eröffnen. In dieser konkreten Position ist auch der Nachteil der
Schwäche auf g6 deutlich sichtbar, Schwarz kann den Se5 nicht einfach mit f6
befragen.}) 20... Bf5 $1 {wenn dies taktisch geht, ist Anand von allen
Problemen befreit} 21. Bxf5 Nxf5 22. Qxe7 (22. Qb5 Qe6 $1 (22... Rad8 $2 23.
Reb1 Rd7 24. Ne5 Rc7 25. Qxd5 $18) (22... Qd6 23. Ne5 Rab8 24. Nxc4 $1 $16) 23.
Qxb7 $2 Reb8 24. Qc7 Nd6 {und Weiß kann wegen der Drohung Tc8 auf der b-Linie
nicht opponieren}) 22... Rxe7 $11 {jetzt kann Schwarz nicht schlechter stehen,
die einzig angreifbare Schwäche b7 ist einfach zu decken, der Springer
verhindert auf d6 ein mögliches Manöver Tb5 und aufgrund des reduzierten
Materials kann Schwrz nun am Königsflügel mit den Bauern aufrücken.} 23. h4 h5
24. g3 {Weiß nimmt bereits eine Auffangstellung ein} Nd6 25. Reb1 Rc8 26. Kg2
f6 27. Ng1 g5 28. Nf3 Ne4 29. Ra3 Rf8 30. Rb5 Rd7 31. Rb2 Rg7 32. Rb5 Rd7 33.
Rb2 Rg7 34. Rb5 {keine Seite kann Fortschritte erzielen} 1/2-1/2

[Event "Sharjah FIDE GP (Women)"]
[Site "Sharjah"]
[Date "2014.09.04"]
[Round "9"]
[White "L'Ami, Alina"]
[Black "Zhao, Xue"]
[Result "0-1"]
[WhiteElo "2446"]
[BlackElo "2508"]
[Annotator "CB"]
[PlyCount "72"]
[EventDate "2014.08.25"]
[EventType "tourn"]
[EventRounds "11"]
[EventCountry "UAE"]
[EventCategory "10"]
[SourceTitle "CBM 162"]
[Source "ChessBase"]
[SourceDate "2014.09.17"]
[SourceVersion "1"]
[SourceVersionDate "2014.09.17"]
[SourceQuality "1"]

{A tactically complicated game, despite the symmetricla pawn structures. White
and Black's knights were always hanging in different variations, and only
accurate calculation was necessary to navigate the lines. Both sides erred at
some point, but it was l'Ami's bad decision to not trade dark-squared bishops
that caused her real problems. With the removal of the knight from d4 her
kingside was too weak and Zhao Xue lunged for a quick checkmating attack with
knights and queen.} 1. d4 Nf6 2. c4 e6 3. Nc3 Bb4 4. e3 d5 5. a3 Be7 6. Nf3 O-O
7. Bd3 Nbd7 8. O-O c5 9. Qe2 a6 10. Rd1 dxc4 11. Bxc4 b5 12. Ba2 cxd4 13. Nxd4
Bb7 14. e4 Qc7 15. Bg5 h6 16. Bh4 Bd6 17. Kh1 Bf4 18. Qf3 Be5 19. Rac1 Qb6 20.
Qe3 Ng4 21. Qd2 Bf6 (21... g5 $1 22. Bg3 Bxg3 23. hxg3 e5 24. Nf5 $1 {is
better for Black, probably, but not nearly as much as the computer claims.})
22. Bg3 $2 (22. Bxf6 Ngxf6 23. f3 $11) 22... Rad8 $17 23. f4 e5 (23... Bxd4 24.
Qxd4 Nc5 25. Qg1 b4 $1 $17 {White has problems holding on to all the pawns.})
24. Nf5 exf4 25. Qxf4 Nde5 26. h4 (26. h3 Bg5 27. Qf1 $1 Bxc1 28. Rxc1 {
and Black can't save both knights.}) 26... h5 27. Nd5 Bxd5 28. exd5 g6 29. Nd4
Bg7 30. Qd2 Bh6 31. Bf4 Nd3 32. Bxh6 Qxd4 33. Bg5 Qe5 34. g3 Ndf2+ 35. Kg2 Qe4+
36. Kg1 Qh1# 0-1

[Event "Lazne Bohdanec"]
[Site "Lazne Bohdanec"]
[Date "1996.??.??"]
[Round "5"]
[White "Babula, Vlastimil"]
[Black "Blatny, Pavel"]
[Result "1-0"]
[WhiteElo "2540"]
[BlackElo "2515"]
[Annotator "Dautov,R"]
[PlyCount "67"]
[EventDate "1996.01.??"]
[EventType "tourn"]
[EventRounds "11"]
[EventCountry "CZE"]
[EventCategory "10"]
[SourceTitle "CBM 051"]
[Source "ChessBase"]
[SourceDate "1996.04.01"]
[SourceVersion "1"]
[SourceVersionDate "1996.04.01"]
[SourceQuality "1"]

1. d4 d5 2. c4 e6 3. Nc3 Bb4 4. e3 Nf6 5. Bd3 O-O 6. Nf3 Nc6 7. O-O dxc4 8.
Bxc4 Bd6 9. Bb5 e5 10. Bxc6 exd4 11. exd4 (11. Nxd4 bxc6 12. Nxc6 Qe8 $44)
11... bxc6 12. Bg5 h6 (12... c5 $2 13. Ne4 $16) (12... Bf5 13. Re1 h6 14. Bh4
Re8 15. Rxe8+ Qxe8 16. Bxf6 gxf6 17. Nh4 $14 {Moiseev-Kozma/1954}) 13. Bh4 Bg4
$2 (13... Re8 14. Qd3 c5 $1 (14... g5 15. Bg3 Nh5 16. Rfe1 Nxg3 17. hxg3 Be6
18. Ne5 $14 {Aronin-Chistiakov/URS/1952}) 15. Bxf6 Qxf6 16. Ne4 Qf4 17. dxc5
Bf8 18. Ng3 Bg4 19. Rac1 Rad8 20. Qc4 Qxc4 21. Rxc4 Be6 $10 {Michenka,
J-Gipslis,A/Ostrava 1993}) 14. h3 Bh5 15. g4 $1 Bg6 16. Ne5 c5 {N} (16... Bxe5
17. dxe5 Qxd1 18. Raxd1 Nd5 19. Nxd5 cxd5 20. Rxd5 Be4 21. Rd4 Bf3 22. Rc1 $16
{Portisch,L-Andersson,U/Praha 1970}) 17. f4 $1 (17. Nxg6 fxg6 $13) (17. Nd5
Bxe5 18. dxe5 Qxd5 19. exf6 Qxd1 20. Raxd1 $14) 17... cxd4 (17... Re8 18. Nc6
Qd7 19. d5 Re3 (19... Ne4 20. f5 Nxc3 21. bxc3 Bh7 22. Qf3 $16 {ץh7}) 20. f5
$1 (20. Rf3 $2 Nxg4 $1 $19) 20... Rxh3 (20... Bh7 21. Rf3 $16) 21. Bxf6 Rg3+ (
21... gxf6 22. Ne4 Kg7 23. fxg6 $18) 22. Kf2 Bxf5 23. Ne7+ $1 Bxe7 24. Kxg3 $18
) 18. Qxd4 $16 Bxe5 $2 (18... c5 19. Qf2 $16 Qc7 20. Bxf6 gxf6 21. Nd5 Qd8 22.
Nc6 $18) (18... Be7 19. Qc4 Bh7 20. Rad1 $16) (18... Re8 19. Rae1 $16 (19. Nxg6
fxg6 20. Rae1 Rxe1 21. Rxe1 Qf8 $14) (19. Rad1 Bc2 20. Rd2 $2 (20. Rc1 $16)
20... Bc5 21. Qxc5 Qxd2 $17)) 19. Qxd8 Rfxd8 20. fxe5 $18 Rd3 21. exf6 Rxh3 22.
Kg2 $1 Rxh4 23. Kg3 Bd3 24. Kxh4 Bxf1 25. Rxf1 Rb8 26. b3 g6 27. Kg3 c6 28. Rd1
Re8 29. Kf4 g5+ 30. Kf5 Re3 31. Ne4 Rf3+ 32. Ke5 Rf4 33. Rd8+ Kh7 34. Rf8 (34.
Rf8 Kg6 35. Rg8+ Kh7 36. Rg7+ $18) 1-0

[Event "Stara Zagora zt-A"]
[Site "Stara Zagora"]
[Date "1990.??.??"]
[Round "2"]
[White "Lechtynsky, Jiri"]
[Black "Dimitrov, Vladimir"]
[Result "0-1"]
[WhiteElo "2430"]
[BlackElo "2455"]
[Annotator "Ftacnik,L"]
[PlyCount "122"]
[EventDate "1990.02.??"]
[EventType "tourn"]
[EventRounds "13"]
[EventCountry "BUL"]
[EventCategory "9"]
[SourceTitle "CBM 017"]
[Source "ChessBase"]
[SourceDate "1990.08.01"]
[SourceVersion "1"]
[SourceVersionDate "1990.08.01"]
[SourceQuality "1"]

1. Nf3 Nf6 2. c4 e6 3. Nc3 d5 4. d4 Bb4 5. e3 O-O 6. a3 Bxc3+ 7. bxc3 c5 8. Bb2
Nc6 9. Bd3 dxc4 10. Bxc4 Qc7 11. Ba2 e5 12. Qc2 e4 13. Nd2 Bf5 14. f3 Bg6 15.
Nxe4 (15. f4 $5) 15... Nxe4 16. fxe4 Rae8 17. O-O Bxe4 18. Qe2 Qd6 19. Qg4 Bd3
20. Rfe1 Re4 21. Qf3 Rh4 22. Qg3 $2 (22. h3 Be4 23. Qf2 Rh5 24. Rf1 Qg6 25. Kh2
$13) 22... Qxg3 23. hxg3 Rg4 24. dxc5 $2 (24. c4 $5) 24... Bc4 $1 25. Bxc4 Rxc4
$19 26. a4 Re8 27. Rad1 Rxc5 28. Rd7 b6 29. Red1 h5 30. Rc7 Rxe3 31. c4 Re2 32.
Bc3 Rxc4 33. Rd3 Re7 34. Rxe7 Nxe7 35. Bb2 Rxa4 36. Rd8+ Kh7 37. Rd7 Re4 (37...
Nf5 $5 38. Rxf7 Kg6 $19) 38. Rxa7 Kg6 39. Kf2 Re6 40. Rb7 Nf5 41. Kf3 f6 42. g4
Re3+ 43. Kf4 hxg4 44. Kxg4 Rb3 (44... Rg3+ 45. Kf4 Rxg2 $19) 45. Bc1 b5 46. Kf4
Rb1 47. Ba3 Rg1 48. Kf3 Nd4+ 49. Kf2 Rb1 50. g4 Rb3 51. Bd6 Ne6 52. Ke2 Nd8 53.
Re7 Nf7 54. Bf4 b4 55. Bd2 Rg3 56. Re4 b3 57. Rb4 b2 58. Rxb2 Rxg4 59. Rb7 Ne5
60. Bb4 Rg2+ 61. Kf1 Rb2 {Ftacnik,L} 0-1

[Event "Enghien les Bains 2nd"]
[Site "Enghien les Bains"]
[Date "1997.03.21"]
[Round "8"]
[White "Kortschnoj, Viktor Lvovich"]
[Black "Chabanon, Jean Luc"]
[Result "1-0"]
[WhiteElo "2635"]
[BlackElo "2435"]
[Annotator "Knaak,R"]
[PlyCount "71"]
[EventDate "1997.03.14"]
[EventType "tourn"]
[EventRounds "9"]
[EventCountry "FRA"]
[EventCategory "10"]
[SourceTitle "CBM 058"]
[Source "ChessBase"]
[SourceDate "1997.06.01"]
[SourceVersion "1"]
[SourceVersionDate "1997.06.01"]
[SourceQuality "1"]

1. Nf3 Nf6 2. c4 e6 3. Nc3 d5 4. d4 Bb4 5. e3 O-O 6. a3 $5 {Indem Weiß diesen
Zug bereits jetzt spielt, kann er einige weniger erfolgversprechende Varianten
vermeiden.} Bxc3+ 7. bxc3 c6 (7... Nc6 {wird seit Fischer-Reshevsky m 1961
empfohlen. Es gibt kaum Erfahrungen mit diesem Zug.} 8. Bd3 Na5 $1 9. Nd2 c5
10. O-O b6 11. cxd5 exd5 12. f3 Re8 $11 13. Re1 Be6 14. Ra2 Rc8 15. Nf1 cxd4
16. cxd4 h5 17. h3 h4 18. Rf2 Qd7 19. e4 dxe4 20. fxe4 Bb3 21. Qd2 Bc4 22. Bc2
Nb3 23. Bxb3 Bxb3 24. e5 Nd5 25. Qg5 Qe7 26. Qg4 Rc6 27. Bg5 Qxa3 28. Qd7 {
1-0 Reshevsky,S-Fischer,R/New York/Los Angeles m 1961}) (7... c5 {ist der
Versuch in die bekannten Varianten von E59 überzugehn.} 8. Bb2 $1 Nc6 9. Bd3
dxc4 10. Bxc4 Qc7 11. Rc1 $1 {Diesen Zug hat Weiß nicht wenn statt Bb2 der Zug
0-0 erfolgt wäre.}) 8. a4 Re8 9. Bb2 b6 10. cxd5 Qxd5 {Letztlich will Schwarz
doch c5 spielen - irgendwie unlogisch.} 11. Qc2 (11. Bd3 Ba6 $11) 11... Bb7 (
11... Ba6 $6 12. c4) 12. Bd3 c5 13. e4 $5 {Das Bauernopfer sollte direkt zum
Remis führen.} (13. c4 Qh5 14. dxc5 Nbd7 15. cxb6 axb6 $44) (13. Ne5 Qxg2 14.
Rf1) 13... Nxe4 14. c4 Qf5 15. O-O Na6 16. Ba3 Nb4 $2 (16... Qf4 $1 17. Bc1 (
17. Rae1 Nf6 $19) 17... Qf5 18. Ba3 $11 (18. Bd2 $2 cxd4 $1 {[%cal Ya6c5]} 19.
Nxd4 Qg6 20. f3 Nac5 21. fxe4 Rad8 $19)) 17. Bxb4 cxb4 18. Rfe1 $16 b3 19. Qb1
Rec8 20. Bxe4 Bxe4 21. Rxe4 b2 22. Ra2 Rxc4 23. Rxb2 Rac8 24. Re1 Qxb1 25.
Rbxb1 Rxa4 26. Kf1 h6 27. Ra1 Rcc4 28. h3 b5 29. Ke2 Rc2+ 30. Ke3 Rac4 31. Ne5
R2c3+ 32. Nd3 f5 33. Rec1 Rxc1 34. Nxc1 b4 35. Nd3 b3 36. Rxa7 1-0

[Event "POL-ch"]
[Site "Warsaw"]
[Date "2018.05.19"]
[Round "8"]
[White "Krasenkow, Michal"]
[Black "Wojtaszek, Radoslaw"]
[Result "0-1"]
[WhiteElo "2628"]
[BlackElo "2750"]
[Annotator "Krasenkow,M"]
[PlyCount "57"]
[EventDate "2018.05.12"]
[EventType "tourn"]
[EventRounds "9"]
[EventCountry "POL"]
[EventCategory "16"]
[SourceTitle "CBM 185"]
[Source "ChessBase"]
[SourceDate "2018.07.13"]
[SourceVersion "1"]
[SourceVersionDate "2018.07.13"]
[SourceQuality "1"]

1. d4 Nf6 2. c4 e6 3. Nc3 Bb4 4. Nf3 d5 5. e3 O-O 6. Bd2 b6 7. cxd5 exd5 8. Rc1
Bb7 9. Bd3 Be7 (9... a6 {is the main continuation here (the bishop retreats to
d6 in that case). The idea of the text move is to continue ...c7-c5.}) 10. Ne5
c5 11. O-O Nc6 $1 {This active development of the knight is appropriate here.}
(11... c4 12. Bb1 a6 {1/2 (38) Sundararajan,K (2434)-Prasad,D (2284) Kolkata
IND 2018 gives White attacking chances after} 13. f4 ({the prophylactic} 13. a4
$5 {is also interesting}) 13... b5 14. Qf3 {etc.}) (11... Nbd7 12. f4 {is
pleasant for White as his centre is not under attack. If} Ne4 {then} 13. Nxe4
dxe4 14. Bb5 $5 Nxe5 15. dxe5 a6 16. Be2 f5 17. Qb3+ Kh8 18. Rfd1 Qc7 19. Bc3
$14 {[%cal Ye5e6] 1-0 (41) Sandipan,C (2573)-Koustav,C (2364) Bhubaneswar 2018}
) 12. f4 $2 {[%mdl 16384] But here it is wrong. White just weakens his
position. I somehow mixed up variations but later I couldn't even find out
which line I had in mind!} (12. Qa4 Nxe5 13. dxe5 {1/2 (88) Ivkov,B-Filip,M
Palma de Mallorca 1970} Nd7 14. f4 c4 15. Bb1 Nc5 $15) (12. Ba6 Qc8 13. Bxb7
Qxb7 14. Nxc6 Qxc6 15. dxc5 {1/2 (17) Najdorf,M-Petrosian,T Siegen 1970}) (12.
Nxc6 Bxc6 13. dxc5 bxc5 14. Na4 d4 15. Nxc5 dxe3 16. Bxe3 Qd5 17. f3 Rfd8 18.
Bb1 Qe5 19. Qe1 Qxb2 20. Ne6 Rd6 $13 {0-1 (33) Zhukova,N (2360)-Velcheva,M 
(2315) Halle 1995}) (12. Be1 $5 {is the most accurate move but White can
hardly claim an advantage anyway. Further analysis is required, though:} a6 (
12... cxd4 13. Nxc6 Bxc6 14. Ne2 $1 {is White's idea; he keeps a small plus
due to Black's isolated central pawn, e.g.} Bb7 15. Nxd4 Ne4 16. Nf5 $14 ({
rather than} 16. Bxe4 dxe4 17. Bc3 Qd7 18. Qh5 g6 19. Qh6 Bf6 20. Rcd1 Rfd8 21.
Nb5 Qe7 22. Qf4 Bg5 23. Qe5 Qxe5 24. Bxe5 Ba6 $11 {1/2 (56) Aczel,G (2553)
-Kantor,G (2506) Budapest HUN 2017})) (12... Nb4 13. Be2 Rc8 14. Nb5 c4 $6 (
14... a6 15. Na7 Rc7 16. Bxb4 cxb4 17. Nac6 $14) (14... a5 $5 $13) 15. Nxa7 Ra8
16. Nb5 (16. a3 Rxa7 17. axb4 b5 18. Ra1 Qb6 $11 {1-0 (33) Sandipan,C (2574)
-Tate,A (2297) Caleta 2015}) 16... Nxa2 17. Ra1 $16 {[%cal Yb2b3]}) 13. f3 (13.
f4 $5) 13... b5 $13 (13... cxd4 $6 14. Nxc6 Bxc6 {1-0 (59) Yu Yangyi (2759)
-Wang Hao (2710) Tianjin CHN 2018} 15. Ne2 $14)) 12... cxd4 13. Nxc6 Bxc6 14.
exd4 b5 $6 {This pawn sacrifice is unnecessary.} (14... Ne4 {may be a bit
premature in view of} 15. Be3) ({but} 14... Rc8 {gives Black an excellent
position.}) 15. f5 $2 {It was quite possible to capture the pawn:} (15. Nxb5
Qb6 (15... Bxb5 16. Bxb5 Qb6 17. Qe2 a6 18. Bc6 Rac8 19. Qxe7 Rxc6 20. Qb4 {
- Black has good compensation but he is hardly better}) 16. Ba5 (16. Qe2 $5)
16... Qxa5 17. Rxc6 Rfc8 18. Rxc8+ Rxc8 19. Qe2 {, and White should equalise})
({Or} 15. Bxb5 Bxb5 16. Nxb5 Qb6 17. Qe2 {with a similar position.}) {After
the text move Black obtains a clear advantage "free of charge".} 15... Qb6 16.
Ne2 b4 {[%cal Yc6b5]} 17. Bg5 (17. Bf4 {[%cal Yf4e5] was relatively better.})
17... h6 18. Bxf6 $2 {A poor idea. Black obtains the bishop pair, the e-file,
and White's d4 pawn becomes weak.} (18. Bf4 $142) 18... Bxf6 19. Kh1 Rac8 20.
Nf4 Bb7 $1 {White overlooked this simple move, after which his position is
hopeless.} (20... Bxd4 $2 21. f6 $1 Bxf6 22. Qg4 {[%cal Rf4h5,Rg4f5] gives
White excellent counter-chances;}) ({Or} 20... Qxd4 $6 21. Ba6 {, and White
should not lose, e.g.} Qxd1 22. Rfxd1 Bxb2 $5 23. Rb1 Ba4 24. Bxc8 Bxd1 25.
Nxd5 Bf6 26. Nxf6+ gxf6 27. Ba6 Bc2 28. Rxb4 Bxf5 29. h3 {etc.}) 21. Rxc8 Rxc8
22. Nh5 Qxd4 23. Nxf6+ Qxf6 {Black has an extra pawn and positional advantage.
White's attempt to get some counterplay meets a tactical refutation.} 24. Qb3
a5 25. a3 d4 $1 {[%mdl 64]} 26. Rd1 (26. axb4 Qg5 27. Rg1 Qxg2+ 28. Rxg2 Rc1+)
26... Qg5 27. Bf1 Rc1 28. axb4 axb4 29. Rxc1 {A very bad game for White and an
easy win for Black.} (29. Rxc1 Bxg2+ $19) 0-1